00734nam a2200253 a 4500001001300000003000900013005001700022008004100039020000800080082001900088100001700107245007600124260003200200300001000232500003500242505001600277650002600293650001700319700001700336902000800353942000700361952009700368999001500465nice12345678IN_TiNIC20260116011613.0050524s1903 oxfa grp 000 0 eng  ac000a011.2915bETH1 aEthe, Herman aCatalogue of Persian Manuscripts in the Library of the India Office V.1 aOxfordbIndia Offficec1903 a1631p aincludes index and biblioraphy2 aAppendices  aCatalogue-Persian-Mss aIndia-Office1 aEthe, Herman bRBA cBK 00104070aHMIbHMId2005-07-29g0.00l0o011.2915 ETH1p3040r2005-07-29w2026-01-16yARB c2839d2839